| 000 | 00937nam a22002657a 4500 | ||
|---|---|---|---|
| 001 | 50846 | ||
| 003 | UA-OsUOA | ||
| 005 | 20250602162521.0 | ||
| 007 | ta | ||
| 008 | 20071126b un ||||| |||| 00| 0 ukr d | ||
| 020 | _a9789668152115 | ||
| 040 |
_aUA-OsUOA _brus _cUA-OsUOA _dUA-OsUOA |
||
| 041 | _arus | ||
| 080 | _a94(477):314.1"19" | ||
| 090 |
_a94(477):314.1"19" _bП65 |
||
| 100 |
_aКульчицкий С. _920043 |
||
| 245 |
_aПочему он нас уничтожал? Сталин и украинский Голодомор _cС. Кульчицкий ; под общ. ред. Ларисы Ившиной |
||
| 260 |
_aК. _bУкраинская пресс-группа _c2007 |
||
| 300 | _a208 с. | ||
| 650 | 7 |
_a94(477) Історія України _2UDC |
|
| 700 | 1 |
_aИвшина Л. _eред. _920044 |
|
| 942 |
_cBK _2udc |
||
| 955 | _a4 | ||
| 999 |
_c336934 _d336934 |
||